000 01065nam a2200241Ia 4500
003 Ost
005 20260507075553.0
008 260507s9999||||xx |||||||||||||| ||und||
020 _a9960402878
040 _cfsecg
041 _aara
082 _a600
100 _aشولتز، ماجكين
_eمؤلف
245 0 _aالمنظمة المعبرة :
_bالهوية،السمعة والعلامة التجارية للشركة /
_c ماجكين شولتز
260 _aالرياض:
_bمكتبة العبيكان,
_c2004
300 _a380 صفحة؛
_bإيضاحات ؛
_c24 سم
520 _aاعدة التفكير بالهوية و السوق الرمزية و السمعة كاستراتيجية,اضافة الى المؤسسات كعلامات تجارية و أخيرا المؤسسات الاتصالية
653 _aادارة الاعمال
653 _aالعلامة التجارية
700 _aجوهاتش،، ماري
_eمؤلف ثانوي
700 _aلارسن، موغانس هولتن
_eمؤلف ثانوي
942 _cكتاب
999 _c44937
_d44937